Psychology in physical education and sports / (Record no. 129083)
[ view plain ]
| 000 -LEADER | |
|---|---|
| fixed length control field | 00822nam a22002657a 4500 |
| 003 - CONTROL NUMBER IDENTIFIER | |
| control field | dpl |
| 005 - DATE AND TIME OF LATEST TRANSACTION | |
| control field | 20180626145421.0 |
| 008 - FIXED-LENGTH DATA ELEMENTS--GENERAL INFORMATION | |
| fixed length control field | 180626b xxu||||| |||| 00| 0 eng d |
| 010 ## - LIBRARY OF CONGRESS CONTROL NUMBER | |
| LC control number | A-715457 |
| 020 ## - INTERNATIONAL STANDARD BOOK NUMBER | |
| Terms of availability | 00.00 |
| International Standard Book Number | 8120002849 |
| 035 ## - SYSTEM CONTROL NUMBER | |
| System control number | A-715457,A-935986 |
| 037 ## - SOURCE OF ACQUISITION | |
| Source of stock number/acquisition | Cen Lib/Ret |
| 040 ## - CATALOGING SOURCE | |
| Original cataloging agency | DPL |
| Language of cataloging | EN |
| Transcribing agency | 0 |
| 082 ## - DEWEY DECIMAL CLASSIFICATION NUMBER | |
| Classification number | 796.07019 |
| Item number | KAM |
| 100 ## - MAIN ENTRY--PERSONAL NAME | |
| Personal name | Kamlesh, M.L. |
| 9 (RLIN) | 25359 |
| 245 ## - TITLE STATEMENT | |
| Title | Psychology in physical education and sports / |
| Statement of responsibility, etc | by M.L. Kamlesh |
| 250 ## - EDITION STATEMENT | |
| Edition statement | 2nd rev. ed |
| 260 ## - PUBLICATION, DISTRIBUTION, ETC. (IMPRINT) | |
| Place of publication, distribution, etc | New Delhi |
| Name of publisher, distributor, etc | Metropolitan |
| 270 ## - ADDRESS | |
| City | New Delhi |
| Address | 1-Netaji Subhas Marg |
| Postal code | 110002 |
| 300 ## - PHYSICAL DESCRIPTION | |
| Extent | xvi,360p. : |
| Dimensions | 22cm(Hb) |
| 500 ## - GENERAL NOTE | |
| General note | Includes index. |
| 650 ## - SUBJECT ADDED ENTRY--TOPICAL TERM | |
| Topical term or geographic name as entry element | Sports--Psychological aspects |
| 9 (RLIN) | 25360 |
| 650 ## - SUBJECT ADDED ENTRY--TOPICAL TERM | |
| Topical term or geographic name as entry element | Physical fitness--Psychological aspects |
| 9 (RLIN) | 25361 |
| 942 ## - ADDED ENTRY ELEMENTS (KOHA) | |
| Source of classification or shelving scheme | Dewey Decimal Classification |
| Koha item type | English Books |
| Classification part | 796.07019 |
| Call number suffix | KAM |
| Withdrawn status | Lost status | Damaged status | Not for loan | Home library | Current library | Date acquired | Source of acquisition | Cost, normal purchase price | Total Checkouts | Full call number | Barcode | Date last seen | Copy number | Cost, replacement price | Price effective from | Koha item type | Source of classification or shelving scheme | Collection code | Date checked out |
|---|---|---|---|---|---|---|---|---|---|---|---|---|---|---|---|---|---|---|---|
| Central Library | Central Library | 04/07/2015 | Cen Lib/Ret | 0.00 | 796.07019 KAM | A-715457 | 04/07/2015 | 1 | 0.00 | 04/07/2015 | English Books | ||||||||
| Shahdara Branch | Shahdara Branch | 26/06/2018 | BPPD/PUB | 0.00 | 2 | 796.07019 KAM | A-935986 | 28/07/2022 | 0.00 | 26/06/2018 | English Books | Dewey Decimal Classification | Non-fiction | 27/07/2022 |
